Central Library, Doon University
WEBOPAC (ONLINE PUBLIC ACCESS CATALOGUE)
Normal view MARC view

Entry Topical Term

Number of records used in: 21

001 - CONTROL NUMBER

  • control field: 26705

003 - CONTROL NUMBER IDENTIFIER

  • control field: Doon University

005 - DATE AND TIME OF LATEST TRANSACTION

  • control field: 20260423131034.0

008 - FIXED-LENGTH DATA ELEMENTS

  • fixed length control field: 260423|| aca||aabn | a|a d

040 ## - CATALOGING SOURCE

  • Original cataloging agency: Doon University
  • Transcribing agency: Doon University

150 ## - HEADING--TOPICAL TERM

  • Topical term or geographic name entry element: Commerce (PM USHA)

670 ## - SOURCE DATA FOUND

  • Source citation: Work cat.: (Doon University)60700: Thiel, Peter 24870, Zero to One , 2014
Contact : +91-135-2533126 (Library),+91-135-2533105 (Admin Office) , Email : doonlibrary@gmail.com

Powered by Koha